Loading...
| Religion | 0 | 6 | 0 | 1 | 60 | 70 | 104.50 | 2 | 5 |
| History - European History | 0 | 6 | 0 | 1 | 60 | 56 | 98.50 | 1 | 4 |
| History - Other History | 0 | 5 | 0 | 0 | 50 | 83 | 100.80 | 0 | 2 |
| History - World History | 0 | 4 | 0 | 2 | 40 | 86 | 111.75 | 0 | 1 |
| Fine Arts - Classical Music | 0 | 2 | 0 | 1 | 20 | 36 | 88.50 | 2 | 2 |
| History - American History | 0 | 2 | 1 | 0 | 15 | 76 | 93.00 | 0 | 0 |
| Philosophy | 0 | 2 | 1 | 0 | 15 | 119 | 120.00 | 0 | 1 |
| Current Events | 0 | 1 | 0 | 0 | 10 | 83 | 83.00 | 0 | 1 |
| Fine Arts - Other Fine Arts | 0 | 1 | 0 | 1 | 10 | 130 | 130.00 | 0 | 0 |
| Mythology | 0 | 1 | 1 | 0 | 5 | 69 | 69.00 | 0 | 1 |
| Social Science | 0 | 1 | 1 | 0 | 5 | 86 | 86.00 | 0 | 1 |
| Pop Culture | 0 | 0 | 1 | 0 | -5 | 0.00 | 0 | 0 | |
| Fine Arts - Painting and Sculpture | 0 | 0 | 1 | 0 | -5 | 0.00 | 0 | 0 | |
| Science - Other Science | 0 | 0 | 1 | 0 | -5 | 0.00 | 0 | 0 |